Stavebné firmy vlani ťažili zo zvýšenej angažovanosti štátu v investičnej výstavbe

Situácia v stavebníctve v r. 1996. Mzdy a produktivita práce v stavebníctve. Zvyšovanie angažovanosti štátu v investičnej výstavbe. Pochybnosti okolo efektívnosti výstavby diaľnic. Podpora bytovej výstavby zo strany štátu. Nedostatok financií na údržbu a obnovu stavieb.

Guardado en:
Detalles Bibliográficos
Autor principal: Zverková, Daniela
Formato: Capítulo de libro
Lenguaje:eslovaco
Materias:
Etiquetas: Agregar Etiqueta
Sin Etiquetas, Sea el primero en etiquetar este registro!

MARC

LEADER 00000naa a2200000 4500
001 r027377
005 20230921081241.4
041 0 |a slo 
044 |a SK 
245 1 0 |a Stavebné firmy vlani ťažili zo zvýšenej angažovanosti štátu v investičnej výstavbe  |c D. Zverková 
520 |a Situácia v stavebníctve v r. 1996. Mzdy a produktivita práce v stavebníctve. Zvyšovanie angažovanosti štátu v investičnej výstavbe. Pochybnosti okolo efektívnosti výstavby diaľnic. Podpora bytovej výstavby zo strany štátu. Nedostatok financií na údržbu a obnovu stavieb. 
610 2 0 |a stavebníctvo 
610 2 0 |a podnik stavebný 
610 2 0 |a výstavba investičná 
610 2 0 |a mzdy 
610 2 0 |a produktivita práce 
610 2 0 |a rozpočet štátny 
610 2 0 |a diaľnice 
610 2 0 |a výstavba bytová 
610 2 0 |a údržba 
610 2 0 |a Slovensko 
610 2 0 |a 1996 
100 1 |a Zverková, Daniela